[Event "57th URS-ch"]
[Site "Leningrad URS"]
[Date "1990.??.??"]
[Round "?"]
[White "Bareev, Evgeny"]
[Black "Aseev, Konstantin"]
[Result "1-0"]
[WhiteElo "2590"]
[BlackElo "2575"]
[EventDate "1990.10.18"]
[PlyCount "57"]

1.d4 Nf6 2.c4 e6 3.Nc3 Bb4 4.e3 c5 5.Ne2 cxd4 6.exd4 d5 7.c5 Ne4 8.Bd2 Nc6
( 8...Nxd2 9.Qxd2 a5 10.a3 Bxc3 11.Nxc3 a4 ) 9.Nxe4 dxe4 10.Bxb4 Nxb4 11.
Nc3 ( 11.Qa4+ Nc6 12.Rd1 O-O 13.Nc3 e3 14.fxe3 Qg5 15.Kf2 Bd7 ) 11...f5 ( 
11...Nc6 12.Nxe4 ( 12.Bb5 f5 ) 12...Qxd4 13.Nd6+ Ke7 14.Qxd4 Nxd4 15.O-O-O
) ( 11...Qxd4 12.Qxd4 Nc2+ 13.Kd2 Nxd4 14.Nxe4 Ke7 15.Kc3 ) 12.Bb5+ Bd7 
13.O-O Bxb5 ( 13...O-O 14.Qb3 Bxb5 15.Qxe6+ Kh8 16.Nxb5 ) 14.Nxb5 O-O 15.
f3 ( 15.Qb3 Nd5 ) 15...e3 ( 15...exf3 16.Qxf3 Qd5 17.Nc7 Qxd4+ 18.Kh1 Qxc5
19.Nxe6 ) 16.f4 Qf6 17.Qa4 a6 ( 17...Nd5 18.Nc3 ) 18.Nc7 ( 18.Qxb4 axb5 
19.Rfe1 Ra4 ) 18...e2 ( 18...Rac8 19.Qxb4 Rxc7 20.Rfe1 Rd8 21.Rad1 Rd5 22.
Rxe3 Rcxc5 23.Qxb7 ) 19.Rf2 ( 19.Nxa8 exf1=Q+ 20.Kxf1 Qxd4 ) 19...Qxd4 ( 
19...Rac8 20.Qxb4 Rxc7 21.Rxe2 ) 20.Nxe6 ( 20.Nxa8 Qd2 ( 20...Qxc5 21.Qb3 
Nc2 22.Qxe6+ Kh8 23.Rc1 e1=Q+ 24.Qxe1 Nxe1 25.Rxc5 Nd3 26.Rc7 ) 21.Rxe2 
Qxe2 22.Qxb4 Rxa8 23.Re1 Qc2 ) 20...Qe3 ( 20...Qd2 21.Nxf8 ( 21.Rxe2 Qxe2 
22.Nxf8 Qxb2 ) 21...e1=Q+ 22.Rxe1 Qxe1+ 23.Rf1 Qe3+ 24.Kh1 Nd3 25.Nd7 Nf2+
26.Kg1 Nh3+ 27.Kh1 Qg1+ ) 21.Re1 Qxe6 ( 21...Nd3 22.Rxe2 Qc1+ 23.Rf1 ) 22.
Qxb4 Qxa2 23.Rfxe2 Qd5 24.Re5 Qc6 25.Re7 Rab8 ( 25...Rf7 26.Qc4 Rf8 27.
Rxf7 Rxf7 28.Re7 Qf6 29.Re8# ) 26.R1e6 Qc8 ( 26...Qd5 27.Rd6 Qa2 28.Rdd7 )
27.Qd4 Rf7 28.Qe5 Qf8 ( 28...Rxe7 29.Rxe7 Qf8 30.Rxg7+ Qxg7 31.Qxb8+ Qf8 
32.Qxf8+ Kxf8 ) 29.Re8 1-0

[Event "57th URS-ch"]
[Site "Leningrad URS"]
[Date "1990.??.??"]
[Round "?"]
[White "Bareev, Evgeny"]
[Black "Epishin, Vladimir"]
[Result "0-1"]
[WhiteElo "2590"]
[BlackElo "2590"]
[EventDate "1990.10.18"]
[PlyCount "62"]

1.d4 Nf6 2.c4 g6 3.Nc3 d5 4.Nf3 Bg7 5.Qb3 dxc4 6.Qxc4 O-O 7.e4 a6 8.e5 b5 
9.Qb3 Nfd7 10.Be3 Nb6 11.h4 ( 11.a4 Be6 12.Qd1 c5 13.axb5 cxd4 ) 11...Be6 
12.Qd1 c5 13.Ng5 ( 13.dxc5 Nc4 14.Bxc4 Bxc4 ( 14...bxc4 ) ) 13...cxd4 14.
Qxd4 Qxd4 15.Bxd4 Nd5 16.Nxe6 fxe6 17.Rd1 Nc6 18.Bc5 Rf5 19.Nxd5 Rxe5+ 20.
Be2 Rxd5 21.Be3 ( 21.Rxd5 exd5 22.b3 ) 21...Bxb2 22.Rb1 Bc3+ 23.Kf1 Nd4 
24.Bxd4 Rxd4 25.Rh3 b4 26.h5 e5 27.hxg6 hxg6 28.Bd3 Kg7 29.Rg3 e4 30.Bc2 
Rf8 31.f3 Rh8 ( 31...Rh8 32.Kg1 ( 32.Bxe4 Rxe4 33.fxe4 Rh1+ ) 32...Rd2 33.
Bxe4 Bd4+ ) 0-1

[Event "57th URS-ch"]
[Site "Leningrad URS"]
[Date "1990.??.??"]
[Round "?"]
[White "Bareev, Evgeny"]
[Black "Smirin, Ilia"]
[Result "1/2-1/2"]
[WhiteElo "2590"]
[BlackElo "2555"]
[EventDate "1990.10.18"]
[PlyCount "83"]

1.d4 Nf6 2.c4 g6 3.g3 c5 4.Nf3 Bg7 5.Bg2 O-O 6.O-O cxd4 7.Nxd4 Nc6 8.Nc3 
Nxd4 9.Qxd4 d6 10.Qd3 a6 11.Be3 Bf5 ( 11...Ng4 12.Bd4 Ne5 13.Qd1 Rb8 14.a4
Be6 ) 12.Qd2 Qd7 13.Bd4 Bh3 ( 13...Be6 14.b3 Bh3 15.Rac1 Bxg2 16.Kxg2 Qc6+
17.f3 Rfe8 ) 14.Bxf6 Bxf6 15.Bxh3 Qxh3 16.Nd5 Qf5 17.Qd3 Qxd3 18.Nxf6+ Kg7
19.Nh5+ Kh6 20.exd3 Kxh5 21.Rfe1 e6 22.a4 Rfc8 23.Ra3 b5 24.Re4 bxc4 25.
dxc4 Kh6 26.b4 Kg7 27.Rd3 Rd8 28.Red4 Rac8 29.a5 e5 30.Rxd6 Rxd6 31.Rxd6 
Rxc4 32.Rb6 g5 33.Kf1 f6 34.Ke2 Rd4 35.h3 h5 36.Ke3 Kg6 37.f3 g4 38.hxg4 
hxg4 39.f4 Kf5 40.fxe5 fxe5 41.Rb8 Kf6 42.Rb6+ 1/2-1/2

[Event "57th URS-ch"]
[Site "Leningrad URS"]
[Date "1990.??.??"]
[Round "?"]
[White "Beliavsky, Alexander"]
[Black "Aseev, Konstantin"]
[Result "1/2-1/2"]
[WhiteElo "2605"]
[BlackElo "2575"]
[EventDate "1990.10.18"]
[PlyCount "30"]

1.d4 Nf6 2.c4 e6 3.Nc3 Bb4 4.Qc2 O-O 5.a3 Bxc3+ 6.Qxc3 b6 7.Bg5 c5 8.dxc5 
bxc5 9.Nf3 a5 ( 9...Bb7 10.e3 ) 10.e3 ( 10.e4 Nxe4 ( 10...d6 11.Bd3 ) 11.
Bxd8 Nxc3 12.Be7 Re8 13.Bxc5 Ne4 14.Be3 ) 10...d6 11.Rd1 Ra6 12.Bd3 Nbd7 
13.Qc2 h6 14.Bh4 Bb7 15.e4 Qa8 ( 15...Qa8 16.Nd2 Ng4 ) 1/2-1/2

[Event "57th URS-ch"]
[Site "Leningrad URS"]
[Date "1990.??.??"]
[Round "?"]
[White "Beliavsky, Alexander"]
[Black "Kuzmin, Gennady"]
[Result "1/2-1/2"]
[WhiteElo "2605"]
[BlackElo "2540"]
[EventDate "1990.10.18"]
[PlyCount "82"]

1.e4 e5 2.Nf3 Nc6 3.Bb5 a6 4.Ba4 Nf6 5.O-O Be7 6.Re1 b5 7.Bb3 d6 8.h3 Be6 
9.c3 O-O 10.d4 Bxb3 11.axb3 exd4 12.cxd4 Nb4 13.d5 c5 14.dxc6 d5 15.e5 Ne4
16.Nc3 Nxc3 17.bxc3 Nxc6 18.Qd3 Qd7 19.Bg5 Rfd8 20.Re2 Qe6 21.Rae1 Rac8 
22.Bxe7 Nxe7 23.Nd4 Qg6 24.Qf3 Qb6 25.e6 Rf8 26.exf7+ Rxf7 27.Qg4 Rxc3 28.
Re6 ( 28.Rxe7 Rxe7 29.Rxe7 Rc1+ 30.Kh2 Qd6+ ) 28...Qc5 29.Rxa6 h6 30.Rxh6 
Rd3 31.Rh4 Qc3 32.Rf1 Rf6 33.Ne6 Ng6 34.Rh5 Re3 35.fxe3 Qxe3+ 36.Kh2 Rxf1 
37.Qxg6 Qg1+ 38.Kg3 Qf2+ 39.Kh2 Qg1+ 40.Kg3 Qf2+ 41.Kh2 Qg1+ 1/2-1/2

[Event "57th URS-ch"]
[Site "Leningrad URS"]
[Date "1990.??.??"]
[Round "?"]
[White "Beliavsky, Alexander"]
[Black "Vyzhmanavin, Alexei"]
[Result "1-0"]
[WhiteElo "2605"]
[BlackElo "2585"]
[EventDate "1990.10.18"]
[PlyCount "66"]

1.d4 Nf6 2.c4 e6 3.g3 Bb4+ 4.Bd2 Be7 5.Bg2 d5 6.Nf3 O-O 7.O-O c6 8.Bf4 b6 
9.Ne5 Nfd7 10.cxd5 cxd5 11.e4 Nxe5 12.dxe5 ( 12.exd5 Ng6 13.d6 Nxf4 14.
dxe7 Nh3+ 15.Kh1 Qxe7 16.Bxa8 Bb7+ 17.Bxb7 Qxb7+ 18.f3 ) 12...Bb7 13.exd5 
Bxd5 14.Bxd5 exd5 15.Nc3 d4 16.Nb5 Nc6 17.Rc1 Qd7 18.Re1 Rad8 ( 18...d3 
19.Nd6 Nxe5 20.Bxe5 Bxd6 21.Qxd3 Rad8 22.Rcd1 ) 19.Qb3 Kh8 20.e6 fxe6 21.
Qxe6 Bc5 22.Bc7 d3 ( 22...a6 23.Bxd8 Qxe6 24.Rxe6 Nxd8 25.Nc7 Nxe6 26.Nxe6
Rf5 27.b4 ) 23.Bxd8 Bxf2+ 24.Kg2 Qxd8 25.Rf1 d2 26.Rcd1 Nd4 27.Nxd4 ( 27.
Qe4 Re8 28.Nd6 Rxe4 29.Nf7+ Kg8 30.Nxd8 Be3 31.Nb7 Re6 ) 27...Qxd4 28.Qe2 
Qd5+ 29.Kh3 Qf5+ 30.Qg4 ( 30.g4 ) 30...Qd5 31.Qe2 Qf5+ 32.g4 Qf6 33.Qe4 ( 
33.Rxd2 Qh6+ 34.Kg2 Qc6+ 35.Kh3 Rf3+ ) 33...Kg8 ( 33...Kg8 34.Kg2 ) 1-0

[Event "57th URS-ch"]
[Site "Leningrad URS"]
[Date "1990.??.??"]
[Round "?"]
[White "Dvoirys, Semen"]
[Black "Aseev, Konstantin"]
[Result "1-0"]
[WhiteElo "2555"]
[BlackElo "2575"]
[EventDate "1990.10.18"]
[PlyCount "87"]

1.e4 c5 2.Nf3 d6 3.d4 cxd4 4.Nxd4 Nf6 5.Nc3 Nc6 6.Bg5 e6 7.Qd2 Be7 8.O-O-O
O-O 9.f4 h6 10.h4 Nxd4 11.Qxd4 Qa5 ( 11...hxg5 12.hxg5 Ng4 ) 12.Kb1 Rd8 ( 
12...e5 ) 13.Be2 ( 13.g4 e5 14.Qg1 exf4 15.Bxf6 Bxf6 16.Nd5 Be5 17.g5 h5 
18.g6 ) ( 13.Qd2 ) 13...a6 14.Bf3 b5 ( 14...e5 ) 15.Bxf6 Bxf6 16.e5 dxe5 
17.Qc5 Rb8 18.Ne4 Rxd1+ 19.Rxd1 Bxh4 ( 19...Bb7 20.Nxf6+ gxf6 21.Bxb7 Rxb7
22.Qc8+ ) 20.Nd6 Qb6 ( 20...Bd7 21.Nc4 Qd8 ( 21...Qa4 22.Nb6 ( 22.b3 bxc4 
) ) 22.Nxe5 ) 21.Qxb6 Rxb6 22.Nxc8 Rb8 23.Na7 exf4 24.Rd6 e5 25.Nc6 Re8 
26.Be4 g6 27.Rd7 Bf6 ( 27...f5 28.Bd5+ Kh8 29.Bf7 ) 28.Bd5 Rf8 29.b3 h5 
30.c4 bxc4 31.bxc4 g5 32.Kc2 g4 33.Kd3 h4 34.Ke2 e4 35.Ne7+ ( 35.Bxe4 Re8 
36.Kd3 f3 37.gxf3 g3 ) 35...Kh8 36.Nf5 f3+ 37.gxf3 exf3+ 38.Kf2 Rb8 39.Rb7
Rxb7 40.Bxb7 Bc3 41.Nh6 Bd4+ 42.Kf1 g3 43.Bxf3 Kg7 44.Nf5+ 1-0

[Event "57th URS-ch"]
[Site "Leningrad URS"]
[Date "1990.??.??"]
[Round "?"]
[White "Dvoirys, Semen"]
[Black "Beliavsky, Alexander"]
[Result "1/2-1/2"]
[WhiteElo "2555"]
[BlackElo "2605"]
[EventDate "1990.10.18"]
[PlyCount "105"]

1.e4 e5 2.Nf3 Nc6 3.Bb5 a6 4.Ba4 Nf6 5.O-O b5 6.Bb3 Bb7 7.c3 Nxe4 8.d4 Na5
9.Bc2 exd4 10.b4 Nc4 11.Bxe4 Bxe4 12.Re1 d5 13.Nxd4 c5 14.bxc5 Bxc5 15.f3 
O-O 16.fxe4 dxe4 17.Rxe4 Qd5 18.Rh4 ( 18.Qf3 Ne5 19.Qf5 Rae8 20.Nd2 b4 21.
Rh4 g6 22.Ne4 Bxd4+ 23.cxd4 Qxd4+ 24.Qf2 Qd1+ 25.Qf1 Qd4+ ) 18...Rad8 19.
Qd3 f5 20.Bg5 Rde8 ( 20...Rd6 21.Nd2 Ne5 22.Qf1 Ng6 23.Rh3 f4 24.Nf3 b4 ) 
21.Nd2 Ne5 22.Qf1 f4 23.Kh1 Ng6 24.Rh5 Bxd4 25.cxd4 h6 26.Qd3 Qf5 27.Qb3+ 
Rf7 28.Nf3 Re3 29.Bxf4 Qxf4 30.Qd5 Ne7 31.Qb7 Nf5 32.Qxa6 Qe4 33.Rf1 Qd3 
34.Qc8+ Rf8 35.Qc1 g6 36.Rh3 g5 37.Rd1 Qe4 38.Nd2 Qd5 39.Rf3 g4 40.Rf4 h5 
41.Qc5 Qxc5 42.dxc5 Rd3 43.c6 Ne7 44.Rxf8+ Kxf8 45.c7 Rd7 46.Rf1+ Kg7 47.
Nb3 Rxc7 48.Nd4 Rb7 49.a3 b4 50.axb4 Rxb4 51.Ne6+ Kg6 52.Nf4+ Kh6 53.g3 
1/2-1/2

[Event "57th URS-ch"]
[Site "Leningrad URS"]
[Date "1990.??.??"]
[Round "?"]
[White "Dvoirys, Semen"]
[Black "Yudasin, Leonid"]
[Result "0-1"]
[WhiteElo "2555"]
[BlackElo "2615"]
[EventDate "1990.10.18"]
[PlyCount "102"]

1.e4 c6 2.d4 d5 3.Nd2 dxe4 4.Nxe4 Bf5 5.Ng3 Bg6 6.Nf3 Nd7 7.h4 h6 8.h5 Bh7
9.Bd3 Bxd3 10.Qxd3 Ngf6 11.Bd2 Qc7 12.O-O-O e6 13.Kb1 O-O-O 14.c4 Kb8 ( 
14...c5 15.Bc3 cxd4 16.Nxd4 a6 17.Nb3 Be7 18.Ba5 b6 19.Bc3 Nc5 20.Qf3 Qb7 
21.Qxb7+ Kxb7 22.Nxc5+ bxc5 23.f3 Rxd1+ 24.Rxd1 Kc6 ) 15.Bc3 Ka8 16.Qe2 ( 
16.Ne4 ) 16...Bd6 ( 16...b5 17.Ne5 Nb6 ( 17...Nxe5 18.dxe5 ) 18.cxb5 cxb5 
19.Qxb5 ) ( 16...c5 17.Ne5 Nxe5 18.dxe5 ) 17.Ne5 Rhf8 18.f4 c5 19.b3 ( 19.
d5 exd5 20.cxd5 Nb6 ) 19...a6 20.Bb2 cxd4 21.Rxd4 Bc5 22.Rd3 Nxe5 23.Bxe5 
( 23.fxe5 Rxd3 24.Qxd3 Rd8 25.Qf3 Ne8 ( 25...Nh7 ) 26.Rf1 Rd7 27.Ne4 Bd4 (
27...Bf8 ) ) 23...Bd6 ( 23...Qc6 24.Rhd1 ) 24.Bxd6 ( 24.Rxd6 Rxd6 25.Ne4 
Nxe4 26.Qxe4 Rfd8 ( 26...Qc6 27.Qxc6 Rxc6 28.Bxg7 ) ) 24...Rxd6 25.Qe5 Rd7
26.Qxc7 Rxc7 27.Kb2 Rfc8 28.f5 b5 29.cxb5 Rc2+ 30.Kb1 Rxg2 31.fxe6 fxe6 
32.Re1 Nd5 33.Rc1 Rxc1+ 34.Kxc1 axb5 35.Nf5 Nb4 36.Rd8+ Kb7 37.Nd4 Nxa2+ 
38.Kd1 Nc3+ 39.Ke1 e5 40.Ne6 e4 41.Rd2 Rg1+ 42.Kf2 Rh1 43.Nxg7 Rh2+ 44.Ke3
Rh3+ 45.Kd4 e3 46.Rg2 e2 47.Rg1 Rf3 48.Ne6 Rf1 49.Nc5+ Kc7 50.Rg7+ Kd8 51.
Nb7+ Ke8 0-1

[Event "57th URS-ch"]
[Site "Leningrad URS"]
[Date "1990.??.??"]
[Round "?"]
[White "Eingorn, Vyacheslav"]
[Black "Bareev, Evgeny"]
[Result "0-1"]
[WhiteElo "2550"]
[BlackElo "2590"]
[EventDate "1990.10.18"]
[PlyCount "90"]

1.d4 f5 2.g3 Nf6 3.Bg2 d6 4.Bg5 Nbd7 5.Nc3 c6 6.e4 fxe4 7.Nxe4 Qb6 ( 7...
g6 8.h4 Nxe4 9.Bxe4 Nf6 10.Bf3 Bg7 11.Ne2 ) ( 7...Nxe4 8.Bxe4 Nf6 9.Bxf6 
exf6 10.Qh5+ Kd7 11.d5 ) 8.Ne2 Nxe4 9.Bxe4 Nf6 10.Bxf6 ( 10.Bg2 g6 11.O-O 
Bg7 12.Re1 O-O ) 10...exf6 11.Nf4 ( 11.O-O d5 12.Bd3 Bd6 13.c4 dxc4 14.
Bxc4 Bg4 15.f3 Bh3 ) 11...g6 12.Qe2 Kf7 13.d5 Bh6 14.O-O-O ( 14.dxc6 bxc6 
15.Qc4+ d5 ) 14...Re8 15.Qf3 f5 16.Bd3 Bd7 17.c3 Re5 ( 17...g5 18.Qh5+ Kg7
19.Kb1 gxf4 20.gxf4 Bxf4 21.Rhg1+ Kh8 22.Qf7 ) 18.Kb1 Rae8 19.h4 Kg7 20.
Bc2 cxd5 ( 20...a5 ) 21.Nxd5 ( 21.Bb3 Bc6 22.Nxd5 Qc5 23.g4 Bxd5 ) 21...
Bc6 22.Rd4 ( 22.g4 Bxd5 ) ( 22.Bb3 a5 23.g4 a4 24.g5 axb3 ) ( 22.Rd3 Qc5 
23.Rhd1 Re2 ) 22...Qxd4 23.cxd4 Bxd5 24.Qc3 Bd2 25.Qxd2 Re2 26.Rd1 ( 26.
Qc3 Bxh1 27.a3 Rxf2 ) 26...Rxd2 27.Rxd2 Re1+ 28.Bd1 ( 28.Rd1 Re2 29.Rf1 
Bg2 ) 28...f4 29.Kc2 ( 29.gxf4 Bf3 30.Kc2 Bxd1+ 31.Rxd1 Rxd1 32.Kxd1 Kf6 
33.Ke2 Kf5 34.Kf3 d5 ) 29...Be4+ 30.Kc3 fxg3 31.fxg3 Re3+ 32.Kb4 Rxg3 33.
Rf2 Bd5 34.Re2 Rd3 35.Bb3 Bxb3 36.axb3 Rxd4+ 37.Kc3 Rxh4 38.Re7+ Kf6 39.
Rxb7 a5 40.Ra7 Rh5 41.Kd4 ( 41.b4 Rh3+ 42.Kc4 Rh4+ ) 41...Ke6 42.Rg7 Rh3 
43.Kc4 d5+ 44.Kd4 Rxb3 45.Rxh7 Rxb2 0-1

[Event "57th URS-ch"]
[Site "Leningrad URS"]
[Date "1990.??.??"]
[Round "?"]
[White "Epishin, Vladimir"]
[Black "Vyzhmanavin, Alexei"]
[Result "1/2-1/2"]
[WhiteElo "2590"]
[BlackElo "2585"]
[EventDate "1990.10.18"]
[PlyCount "80"]

1.d4 Nf6 2.c4 e6 3.g3 Bb4+ 4.Bd2 Be7 5.Bg2 d5 6.Nf3 O-O 7.O-O c6 8.Bf4 b6 
9.Ne5 Bb7 10.Nc3 Nfd7 ( 10...Nbd7 ) 11.e4 ( 11.cxd5 cxd5 12.e4 Nxe5 13.
Bxe5 dxe4 14.Nxe4 Nc6 ) ( 11.Nxd7 ) 11...Nxe5 12.Bxe5 dxc4 13.Qg4 g6 14.
Rad1 Nd7 15.Bf4 Nf6 ( 15...b5 ) 16.Qe2 b5 17.h4 Re8 18.Bg5 Nd7 ( 18...Nh5 
19.Be3 ( 19.Bxe7 Qxe7 20.e5 f5 21.exf6 ) ) 19.Bxe7 Qxe7 20.e5 Rab8 ( 20...
f5 21.Nxb5 cxb5 22.Bxb7 Rab8 23.Bg2 ) 21.h5 f5 ( 21...c5 22.hxg6 hxg6 23.
Bxb7 Rxb7 24.Ne4 ( 24.Qf3 ) 24...cxd4 25.Rxd4 Nxe5 ( 25...Reb8 26.Nd6 Rb6 
27.Rh4 ) 26.Nd6 Nd3 27.Nxe8 Qxe8 28.b3 Rd7 29.Qe3 ) 22.exf6 Nxf6 23.hxg6 
hxg6 24.Rfe1 Rbd8 25.Qe5 Qg7 26.Qg5 a6 27.Re5 ( 27.a3 ) 27...Nh7 28.Qe3 ( 
28.Qg4 Nf6 29.Qh4 Rf8 ) ( 28.Qh4 c5 29.Rxe6 Bxg2 30.Kxg2 cxd4 31.Rxd4 ) 
28...Nf6 29.Qg5 ( 29.Qe2 ) 29...c5 30.Bxb7 cxd4 31.Be4 ( 31.Ne4 Nh7 ) ( 
31.Bxa6 dxc3 32.Rxd8 Rxd8 33.bxc3 Rd1+ 34.Kg2 Qh7 35.Qh4 Qxh4 36.gxh4 Rd2 
37.Bxb5 Rxa2 38.Rxe6 ( 38.Bxc4 Rxf2+ ) 38...Kg7 39.Bxc4 Rc2 ) 31...Nh7 ( 
31...dxc3 32.Rxd8 Rxd8 33.bxc3 ( 33.Rxe6 Rd1+ 34.Kg2 Qh7 ) 33...Kf7 ) 32.
Qxg6 Qxg6 33.Bxg6 dxc3 34.Rxd8 Rxd8 35.bxc3 Nf8 36.Be4 Rd1+ 37.Kg2 Ra1 38.
Rc5 Kf7 39.g4 Rxa2 40.g5 ( 40.Rc7+ Kf6 41.g5+ Kxg5 42.Rf7 Ng6 43.Rg7 Ra3 
44.Rxg6+ Kf4 45.Rxe6 Rxc3 ) 40...Rd2 ( 40...Rd2 41.Rc6 a5 42.Rb6 Rb2 43.
Rb7+ Kg8 44.g6 b4 45.g7 Nh7 46.Rb8+ Kxg7 47.Rb7+ Kf6 48.Bxh7 b3 49.Rc7 Rc2
50.Rxc4 Rc1 ) 1/2-1/2

[Event "57th URS-ch"]
[Site "Leningrad URS"]
[Date "1990.??.??"]
[Round "?"]
[White "Khalifman, Alexander"]
[Black "Dvoirys, Semen"]
[Result "1-0"]
[WhiteElo "2615"]
[BlackElo "2555"]
[EventDate "1990.10.18"]
[PlyCount "95"]

1.d4 Nf6 2.Nf3 g6 3.c4 Bg7 4.Nc3 d5 5.cxd5 Nxd5 6.e4 Nxc3 7.bxc3 c5 8.Rb1 
O-O 9.Be2 cxd4 10.cxd4 Qa5+ 11.Bd2 Qxa2 12.O-O b6 13.Qc1 Bb7 14.Bc4 Qa4 
15.Bb5 Qa2 16.Bc4 Qa4 17.Bb5 Qa2 18.Re1 Rc8 19.Qd1 Qc2 20.Qe2 Qc7 21.Rbc1 
Qd8 22.Rxc8 Qxc8 23.Rc1 ( 23.Bg5 a6 24.Bc4 b5 25.Ba2 Qd7 26.Ne5 ) 23...Qd8
24.Bf4 a5 ( 24...a6 25.Ba4 e6 26.Rc7 Bc8 27.Qc4 Bd7 28.Bxd7 Nxd7 29.Qc6 
Nf8 30.Ng5 Qxd4 31.g3 ) 25.Ng5 ( 25.Rc7 Ba6 ) 25...Na6 ( 25...Qxd4 26.Rd1 
Qc5 27.Rd8+ Bf8 28.Qa2 ) ( 25...Bxd4 26.Qc4 e6 27.Nxe6 fxe6 28.Qxe6+ Kh8 
29.Be5+ Bxe5 30.Qxe5+ Kg8 31.Bc4+ ) 26.Qa2 e6 ( 26...Qf8 27.Bc4 ( 27.Nxf7 
Nb4 28.Qb3 Qxf7 29.Bc4 Bd5 ) 27...e6 28.Bxa6 Bxa6 29.Rc7 ) 27.Bxa6 Bxa6 
28.Nxf7 Qxd4 ( 28...Kxf7 29.Rc7+ Kg8 ( 29...Kf6 30.Be5+ ) 30.Qxe6+ Kh8 31.
Be5 ) 29.Nh6+ Kh8 ( 29...Bxh6 30.Qxe6+ Kh8 31.Be5+ ) 30.Nf7+ Kg8 31.Nh6+ 
Kh8 32.Qxe6 Qf6 ( 32...Rf8 33.Qg8+ ) 33.Nf7+ Kg8 34.Nh6+ Kh8 35.Nf7+ Kg8 
36.Qd5 Rf8 ( 36...Qxf4 37.Nh6+ Kh8 38.Qxa8+ ) 37.Ne5+ Kh8 38.g3 Qe7 ( 
38...g5 39.Nd7 Qb2 40.Qxg5 ( 40.Nxf8 gxf4 ) ) 39.Rc7 Qb4 ( 39...Qxc7 40.
Nxg6+ hxg6 41.Bxc7 ) 40.Kg2 ( 40.Nf7+ Rxf7 41.Qxf7 Qe1+ 42.Kg2 Bf1+ 43.Kf3
Qe2# ) 40...Qe1 41.Rc1 Qb4 42.Nf7+ Rxf7 43.Qxf7 Qxe4+ 44.f3 ( 44.Kg1 Bb7 )
44...Qe2+ 45.Kh3 Qb5 46.Re1 Bc8+ 47.Kg2 Bd7 ( 47...Qb2+ 48.Kh1 ) 48.Be5 
1-0

[Event "57th URS-ch"]
[Site "Leningrad URS"]
[Date "1990.??.??"]
[Round "?"]
[White "Khalifman, Alexander"]
[Black "Eingorn, Vyacheslav"]
[Result "1-0"]
[WhiteElo "2615"]
[BlackElo "2550"]
[EventDate "1990.10.18"]
[PlyCount "81"]

1.e4 c5 2.Nf3 e6 3.d4 cxd4 4.Nxd4 a6 5.Nc3 Qc7 6.Be2 b5 7.O-O Bb7 8.Re1 
Nc6 9.Nxc6 dxc6 10.e5 c5 ( 10...Bb4 11.Bd2 Rd8 12.a4 Bxc3 13.bxc3 Ne7 14.
Bd3 Ng6 15.Qg4 O-O 16.axb5 cxb5 17.c4 h5 18.Qg3 Rd7 19.h3 bxc4 20.Bxg6 
Rxd2 21.Qc3 Rfd8 22.Bxh5 Qc5 23.Be2 R8d4 ) ( 10...Rd8 11.Bd3 c5 ) 11.Bf3 
Ne7 12.Bxb7 Qxb7 13.a4 Rd8 14.Qh5 Nf5 15.axb5 axb5 16.Bg5 Be7 17.Bxe7 Qxe7
( 17...Nxe7 18.Ne4 ) 18.Nxb5 O-O 19.Na3 Rd4 20.c3 Ra4 21.Qe2 Qg5 22.Nc4 
Rxa1 23.Rxa1 h5 24.Qe4 h4 25.h3 Rd8 26.Ra8 Qc1+ 27.Kh2 Rxa8 28.Qxa8+ Kh7 
29.Qe4 Qf1 30.Qf4 Qd3 31.Nd6 Nxd6 32.Qxh4+ Kg6 33.exd6 Qxd6+ 34.Qg3+ Qxg3+
35.Kxg3 Kf5 36.b4 cxb4 37.cxb4 Ke4 38.h4 Kd4 39.h5 Kc4 40.Kf4 Kxb4 41.g4 (
41.g4 f6 ( 41...Kc5 42.g5 Kd6 43.h6 ) 42.g5 fxg5+ 43.Kxg5 ) 1-0

[Event "57th URS-ch"]
[Site "Leningrad URS"]
[Date "1990.??.??"]
[Round "?"]
[White "Novikov, Igor"]
[Black "Bareev, Evgeny"]
[Result "0-1"]
[WhiteElo "2575"]
[BlackElo "2590"]
[EventDate "1990.10.18"]
[PlyCount "123"]

1.d4 d5 2.c4 c6 3.Nf3 Nf6 4.Nc3 dxc4 5.a4 Bf5 6.Ne5 e6 7.f3 Bb4 8.e4 Bxe4 
9.fxe4 Nxe4 10.Bd2 Qxd4 11.Nxe4 Qxe4+ 12.Qe2 Bxd2+ 13.Kxd2 Qd5+ 14.Kc2 Na6
15.Nxc4 O-O-O 16.Qe5 f6 17.Qe3 Kb8 ( 17...Qf5+ 18.Kb3 Nc5+ 19.Kb4 Rd5 20.
Qxc5 Rxc5 21.Nd6+ Kc7 22.Nxf5 Rxf5 23.Rd1 Rf2 24.b3 e5 25.g3 ) ( 17...Nc5 
18.b4 Nxa4 19.Be2 ) ( 17...c5 18.Kb3 Nb4 19.Rc1 Nc6 20.Ka3 ) 18.Kb3 ( 18.
Be2 Qxg2 19.Rhg1 Qxh2 20.Rxg7 Nb4+ 21.Kb3 Nd5 22.Qf3 Qh4 ( 22...Qf4 23.Rf1
Qd4 24.Qf2 Qxf2 ( 24...Qe4 25.Rg4 ) 25.Rxf2 Rc8 26.Bh5 Rc7 27.Rfg2 Rd8 28.
Bf7 Re7 29.Rxh7 ) 23.a5 ( 23.Rf1 b5 24.axb5 cxb5 25.Na3 Qa4+ 26.Ka2 b4 27.
Bd1 Qa6 28.Be2 Qa4 ) 23...Qd4 24.a6 b5 25.Na5 Qb4+ 26.Kc2 Qc5+ 27.Kb3 ( 
27.Kb1 Nb4 28.Qf4+ Ka8 29.Rxa7+ Qxa7 30.Qxb4 ) 27...Qb4+ 28.Kc2 Qc5+ 29.
Kb3 ) 18...e5 ( 18...Nc5+ 19.Ka3 Nxa4 20.b4 Nb6 21.Nxb6 axb6 22.Qxb6 Qd4 (
22...Qe5 23.Ba6 Qc3+ 24.Ka4 Qc2+ 25.Ka3 Qc3+ ) 23.Qxd4 Rxd4 24.Be2 ) 19.
Be2 Nc5+ ( 19...Qxg2 20.Rhg1 Qxh2 21.Rxg7 Rhg8 22.Rag1 ) 20.Kb4 ( 20.Ka3 
Nxa4 21.b4 b5 22.Na5 ) 20...Ne6 ( 20...b6 21.g4 ) 21.Bf3 Qd7 ( 21...Nd4 
22.Bxd5 Nc2+ 23.Kb3 Nxe3 24.Bf3 ) ( 21...Qd4 22.Rad1 Qxe3 23.Nxe3 Nd4 24.
Be4 ) 22.Ka3 ( 22.Rad1 Qe7+ 23.Kc3 Nd4 ) 22...Qe7+ 23.Ka2 Qb4 24.Qc3 ( 24.
b3 ) ( 24.Qb3 Qxb3+ 25.Kxb3 Nd4+ 26.Kc3 Nxf3 27.gxf3 Rd4 ) 24...Qxc3 ( 
24...Qxa4+ 25.Kb1 Qb5 26.Ra5 ) 25.bxc3 Nc5 26.a5 e4 27.Be2 f5 28.Rad1 Kc7 
29.Kb2 b5 30.axb6+ axb6 31.Kc2 b5 32.Nd2 ( 32.Ne3 f4 33.Nf5 g6 ) 32...Ra8 
33.Ra1 Rhd8 34.Nb3 ( 34.Rhd1 f4 ) 34...Ne6 35.Rhf1 g6 36.g3 Kb6 37.h4 Rxa1
38.Rxa1 c5 39.Rb1 Nc7 ( 39...c4 40.Bxc4 bxc4 41.Nd4+ ) 40.Nd2 ( 40.c4 b4 
41.Rd1 Rxd1 42.Bxd1 Ne6 43.Kd2 Nd4 44.Ke3 ) 40...Kc6 41.Ra1 c4 42.h5 Kc5 
43.g4 ( 43.hxg6 hxg6 44.Rh1 Nd5 ) 43...Nd5 44.Ra7 Nf4 45.gxf5 e3 ( 45...
Nxe2 46.Nxe4+ Kb6 47.Rxh7 gxf5 48.Rh6+ Kc7 49.Nc5 ) 46.Ne4+ Kb6 47.Rxh7 
gxf5 48.Rh6+ Kc7 49.Rh7+ Kc6 50.Rh6+ Kc7 51.Rh7+ Kc6 52.Rh6+ ( 52.Ng3 Rd2+
53.Kc1 Nxe2+ 54.Nxe2 Rxe2 ) 52...Kd5 53.Ng3 ( 53.Nf6+ Ke5 54.Bf3 Rd2+ 55.
Kb1 e2 56.Bxe2 Nxe2 ) 53...Ke5 54.Bf1 Rd2+ 55.Kc1 Rf2 56.Kd1 ( 56.Rh8 
Rxf1+ 57.Nxf1 e2 58.Re8+ Ne6 ) 56...Rf3 57.Rb6 Rxg3 58.Rxb5+ Ke4 59.Bxc4 
Rg1+ 60.Kc2 e2 61.Bxe2 Nxe2 62.Rb4+ 0-1

[Event "57th URS-ch"]
[Site "Leningrad URS"]
[Date "1990.??.??"]
[Round "?"]
[White "Rozentalis, Eduardas"]
[Black "Beliavsky, Alexander"]
[Result "0-1"]
[WhiteElo "2565"]
[BlackElo "2605"]
[EventDate "1990.10.18"]
[PlyCount "100"]

1.e4 e5 2.Nf3 Nc6 3.Bb5 a6 4.Bxc6 dxc6 5.O-O f6 6.d4 Bg4 7.c3 ( 7.dxe5 
Qxd1 8.Rxd1 fxe5 9.Rd3 Bd6 10.Nbd2 Nf6 11.b3 O-O 12.Bb2 Rae8 ) 7...exd4 ( 
7...Bd6 8.Nbd2 Nh6 ) 8.cxd4 Bxf3 9.Qxf3 Qxd4 10.Nc3 ( 10.Rd1 Qc4 11.Bf4 
Bd6 12.Bxd6 cxd6 13.Rxd6 Nh6 ) 10...Bd6 11.Bf4 Bxf4 12.Qxf4 Qe5 13.Qg4 Qe7
14.Qh5+ Qf7 15.Qh3 Qd7 ( 15...Nh6 16.Rad1 O-O 17.Rd7 ) 16.Qg3 ( 16.Qh5+ 
Qf7 17.Qh3 ) 16...Nh6 17.Rad1 Qe7 18.Na4 b6 ( 18...O-O 19.Qb3+ Nf7 20.Qxb7
) ( 18...b5 19.Qc3 ) 19.Rc1 c5 20.b4 O-O 21.bxc5 b5 22.Nc3 c6 23.Rfe1 Nf7 
24.Ne2 Rad8 25.Qe3 Qd7 26.Qb3 Rfe8 27.Ng3 ( 27.Rcd1 Qe7 28.Rxd8 Rxd8 ) 
27...g6 28.f4 Qd2 29.Rf1 Rd3 30.Qc2 Qxc2 31.Rxc2 h5 32.f5 h4 33.fxg6 hxg3 
34.gxf7+ Kxf7 35.hxg3 Rxe4 36.Rcf2 Re6 37.g4 Kg6 38.a4 Rd4 39.axb5 axb5 
40.g5 ( 40.Rf4 Rxf4 41.Rxf4 Re5 ) 40...Kxg5 41.Rf5+ Kg6 42.Kh2 Rh4+ ( 
42...Rc4 43.Kh3 ) 43.Kg3 Rh5 44.Rxh5 Kxh5 45.Kf4 Kg6 46.Rf3 Re5 47.Rc3 Kf7
48.Rc1 Ke6 49.g4 Kd5 50.Rh1 b4 0-1

[Event "57th URS-ch"]
[Site "Leningrad URS"]
[Date "1990.??.??"]
[Round "?"]
[White "Shneider, Alexander"]
[Black "Beliavsky, Alexander"]
[Result "1-0"]
[WhiteElo "2560"]
[BlackElo "2605"]
[EventDate "1990.10.18"]
[PlyCount "73"]

1.d4 Nf6 2.c4 e6 3.Nf3 b6 4.g3 Bb7 5.Bg2 Be7 6.Nc3 Ne4 7.Bd2 Bf6 8.O-O O-O
9.Rc1 c5 10.d5 exd5 11.cxd5 Nxd2 12.Nxd2 d6 13.Nde4 ( 13.Nc4 Ba6 14.Qb3 
Bxc4 15.Qxc4 a6 16.a4 Nd7 ) 13...Be7 14.f4 Nd7 15.g4 a6 16.g5 b5 17.Ng3 
Re8 18.h4 Bf8 19.h5 c4 ( 19...Nb6 ) 20.Nce4 Nb6 21.Nf2 g6 ( 21...f6 22.g6 
h6 23.e4 ) ( 21...Qc7 ) 22.h6 Re3 23.Rc3 Rxc3 24.bxc3 Qc8 25.Kh2 a5 26.e3 
Qc7 27.Ng4 Nd7 28.f5 Be7 29.Ne4 Qb6 30.Bh3 Rf8 31.fxg6 hxg6 32.Qf3 Qd8 33.
Ngf6+ Bxf6 34.gxf6 Re8 35.h7+ Kh8 36.Ng5 Ne5 37.Qg3 ( 37.Qg3 Bxd5 38.Qh4 )
1-0